Hodnotenie výkonnosti podniku - analýza akciového kapitálu
Riziká investovania finančných prostriedkov do akciového kapitálu. Metódy na určenie hodnoty (nie ceny) jednej akcie. Na konkrétnom príklade je preukázaná aplikácia niektorých metód hodnotenia efektívnosti vkladu do akcie.
Enregistré dans:
| Auteur principal: | |
|---|---|
| Format: | Chapitre de livre |
| Langue: | slovaque |
| Sujets: | |
| Tags: |
Pas de tags, Soyez le premier à ajouter un tag!
|
MARC
| LEADER | 00000naa a2200000 4500 | ||
|---|---|---|---|
| 001 | r044795 | ||
| 005 | 20240502071339.3 | ||
| 041 | 0 | |a slo | |
| 044 | |a SK | ||
| 245 | 1 | 0 | |a Hodnotenie výkonnosti podniku - analýza akciového kapitálu |c Peter Markovič |
| 520 | |a Riziká investovania finančných prostriedkov do akciového kapitálu. Metódy na určenie hodnoty (nie ceny) jednej akcie. Na konkrétnom príklade je preukázaná aplikácia niektorých metód hodnotenia efektívnosti vkladu do akcie. | ||
| 610 | 2 | 0 | |a analýza finančná |
| 610 | 2 | 0 | |a kapitál podnikový |
| 610 | 2 | 0 | |a investovanie |
| 610 | 2 | 0 | |a efektívnosť investícií |
| 610 | 2 | 0 | |a akcie |
| 610 | 2 | 0 | |a dividendy |
| 610 | 2 | 0 | |a výkonnosť |
| 610 | 2 | 0 | |a metódy |
| 100 | 1 | |a Markovič, Peter, 1974- | |